000 00685nam a2200217Ia 4500
005 20241129111014.0
008 241129s9999||||xx |||||||||||||| ||und||
020 _a978-93-87629-56-1
037 _aTB
040 _aCRL
_bpun
_cCRL
041 _apun
_2pun
084 _aO153,3NJU,PE Q8
_qCRL
100 _aਸਿੰਘ, ਪਰਮਜੀਤ, ਚ।
245 0 _aਪੀਤੂ
_cਸਿੰਘ, ਪਰਮਜੀਤ, ਚ।
260 _aਲੁਧਿਆਨਾ, ਭਾਰਤ
_bਚੇਤਨਾ ਪ੍ਰਕਾਸ਼ਨ
_c2018
300 _a176g0
365 _aINR
_b225
650 _aPunjabi LiteratureFiction
942 _cTB
_hO153,3NJU,PE Q8
999 _c1228495
_d1228495